Εθνομαθηματικά : διερευνώντας την πολιτισμική διάσταση των μαθηματικών και της μαθηματικής εκπαίδευσης
Αποθηκεύτηκε σε:
| Κύριος συγγραφέας: | |
|---|---|
| Άλλοι συγγραφείς: | , |
| Μορφή: | Βιβλίο |
| Γλώσσα: | Greek |
| Δημοσίευση: |
Αθήνα :
Διάδραση,
2011.
|
| Θέματα: | |
| Ετικέτες: |
Προσθήκη ετικέτας
Δεν υπάρχουν, Καταχωρήστε ετικέτα πρώτοι!
|
MARC
| LEADER | 00000cam a2200000 a 4500 | ||
|---|---|---|---|
| 001 | 1/118764 | ||
| 008 | 190521s2011####gr | ||| |||| ||gre|| | ||
| 020 | |a 9789609541329 | ||
| 040 | |a GR-MyUa |b gre |c GR-MyUa |e AACR2 | ||
| 041 | 0 | |a gre | |
| 082 | 7 | |a 510.72 |2 (23) | |
| 100 | 1 | |a Σταθοπούλου, Χαρούλα. | |
| 245 | 1 | 0 | |a Εθνομαθηματικά : |b διερευνώντας την πολιτισμική διάσταση των μαθηματικών και της μαθηματικής εκπαίδευσης / |c Χαρούλα Σταθοπούλου, προλογίζουν οι Ubiratan D' Ambrosio, Φραγκίσκος Καλαβάσης. |
| 260 | |a Αθήνα : |b Διάδραση, |c 2011. | ||
| 300 | |a 392 σ. ; |b εικ., |c 24 εκ. | ||
| 504 | |a Περιλαμβάνει βιβλιογραφικές παραπομπές. | ||
| 650 | 0 | |a Ethnomathematics. | |
| 650 | 0 | |a Romanies |x Education |z Greece. | |
| 650 | 0 | |a Mathematics |x Study and teaching. | |
| 700 | 1 | |a D'Ambrosio, Ubiratan, |e aui | |
| 700 | 1 | |a Καλαβάσης, Φραγκίσκος, |e aui | |
| 852 | |a INST |b RHODES |c EUDOXUS |e 20190521 |h 510.72 ΣΤΑ |p 005400040787 |q 005400040787 |t EDX |y 0 | ||
| 852 | |a INST |b SAMOS |c EUDOXUS |e 20210526 |h 510.72 ΣΤΑ |p 005300047218 |q 005300047218 |t EDX |y 0 | ||
| 920 | |a Εύδοξος |b Παραγγελία |y Ρόδος-ΠΤΔΕ |z 2019-05 | ||
| 920 | |a Εύδοξος |b Παραγγελία |y Σάμος-ΤΜΑΘ |z 2021-05 | ||
| 970 | |a ΚΟΖΑ |b ΜΑΡΙΑ |z 21/05/2019 | ||